Every 100,000+ City in Germany in Order - Statistics

General Stats
  • This quiz has been taken 87 times
    23 since last reset
  • The average score is 53 of 93
Answer Stats
Letter Population City % Correct
A 752,769 Aachen
100%
B 5,159,352 Berlin
100%
B 913,192 Bielefeld
100%
B 836,997 Bremen
100%
C/K 4,007,251 Cologne/Köln
100%
D 1,108,305 Dresden
100%
D 2,139,448 Düsseldorf
100%
H 3,755,102 Hamburg
100%
H 1,217,023 Hanover
100%
L 814,331 Leipzig
100%
M 4,130,053 Münich
100%
N 1,513,707 Nuremberg
100%
S 3,063,849 Stuttgart
100%
W 628,033 Wuppertal
100%
D/R 5,539,794 Dortmund/Ruhr
95%
E 586,608 Essen
95%
F-A-M 3,267,605 Frankfurt am Main
95%
M 780,845 Mannheim
95%
A 508,012 Augsburg
79%
D 522,863 Duisburg
79%
K 302,053 Kassel
79%
K 354,311 Karlsruhe
74%
M 260,423 Magdeburg
74%
M 232,552 Mainz
74%
M 343,904 Münster
74%
S 487,021 Saarbrücken
74%
B 560,152 Braunschweig
68%
F-I-B 352,518 Freiburg im Breisgau
68%
M 328,943 Mönchengladbach
68%
W 320,464 Wiesbaden
68%
B 366,385 Bochum
63%
C 297,340 Chemnitz
63%
E 225,844 Erfurt
63%
H 251,135 Halle
63%
K 257,102 Kiel
63%
L 248,569 Lübeck
63%
P 212,471 Potsdam
63%
B 335,789 Bonn
58%
I 172,308 Ingolstadt
58%
J 120,077 Jena
58%
K 229,483 Koblenz
58%
L 195,101 Ludwigshafen
58%
O 205,180 Oldenburg
58%
O 167,366 Osnabrück
58%
R 213,455 Rostock
58%
U 220,137 Ulm
58%
B 130,025 Bremerhaven
53%
D 185,128 Darmstadt
53%
L 166,414 Leverkusen
53%
O 211,099 Oberhausen
53%
P 155,749 Paderborn
53%
T 145,206 Trier
53%
B-G 112,660 Bergisch Gladbach
47%
G 265,885 Gelsenkirchen
47%
G 118,946 Göttingen
47%
H 190,490 Hagen
47%
H 157,896 Herne
47%
K 228,550 Krefeld
47%
O 134,170 Offenbach
47%
W 125,961 Wolfsburg
47%
W 128,246 Würzburg
47%
Z 103,550 Zwickau
47%
C 102,090 Cottbus
42%
F 132,032 Fürth
42%
H 180,761 Hamm
42%
H 162,273 Heidelberg
42%
R 117,547 Reutlingen
42%
G 101,095 Gera
37%
G 102,464 Gütersloh
37%
H 108,463 Hildesheim
37%
K 105,242 Kaiserslautern
37%
M-A-D-R 173,255 Mülheim an der Ruhr
37%
P 127,849 Pforzheim
37%
R 174,465 Regensburg
37%
S 161,545 Solingen
37%
B 118,705 Bottrop
32%
E 117,806 Erlangen
32%
F 112,706 Flensburg
32%
H 158,306 Heilbronn
32%
R 113,970 Remscheid
32%
S 104,019 Schwerin
32%
S 108,114 Siegen
32%
M 105,606 Moers
26%
N 155,163 Neuss
26%
R 111,693 Recklinghausen
26%
D 107,404 Düren
21%
L 120,510 Ludwigsburg
21%
S 104,548 Salzgitter
21%
T 102,159 Tübingen
21%
G 122,640 Giessen
16%
H 106,004 Hanau
16%
L 103,652 Lüneburg
0%
S 115,705 Sindelfingen
0%
No matching quizzes found
Score Distribution
Percent of People with Each Score
Percentile by Number Answered
Your Score History
You have not taken this quiz since the last reset